Counselling and psychotherapy in private practice (Record no. 93171)
[ view plain ]
| 000 -LEADER | |
|---|---|
| fixed length control field | 01250nam a2200325Ia 4500 |
| 100 1# - MAIN ENTRY--AUTHOR NAME | |
| Personal name | Thistle, Roger. |
| 245 10 - TITLE STATEMENT | |
| Title | Counselling and psychotherapy in private practice |
| 260 ## - PUBLICATION, DISTRIBUTION, ETC. (IMPRINT) | |
| Place of publication | London ; |
| -- | Thousand Oaks : |
| Name of publisher | Sage Publications, |
| Year of publication | 1998. |
| 300 ## - PHYSICAL DESCRIPTION | |
| Number of Pages | 135 p. |
| 490 1# - SERIES STATEMENT | |
| Series statement | Professional skills for counsellors |
| 650 #0 - SUBJECT ADDED ENTRY--TOPICAL TERM | |
| Topical Term | Psychiatry |
| Topical Term | Psychotherapy |
| 856 40 - ELECTRONIC LOCATION AND ACCESS | |
| Uniform Resource Identifier | http://site.ebrary.com/lib/rucke/Doc?id=10567044 |
No items available.
